MARC details
| 000 -LEADER |
| campo de control de longitud fija |
01916nam a2200301 i 4500 |
| 001 - NÚMERO DE CONTROL |
| campo de control |
164704 |
| 003 - IDENTIFICADOR DE NÚMERO DE CONTROL |
| campo de control |
ES-MaACL |
| 005 - FECHA Y HORA DE LA ÚLTIMA TRANSACCIÓN |
| campo de control |
20250915063101.0 |
| 008 - DATOS DE LONGITUD FIJA--INFORMACIÓN GENERAL |
| campo de control de longitud fija |
951221s1792 sp a |||| | spa d |
| 040 ## - FUENTE DE CATALOGACIÓN |
| Centro catalogador/agencia de origen |
EUS |
| Lengua de catalogación |
spa |
| Centro/agencia transcriptor |
EUS |
| 100 1# - ENTRADA PRINCIPAL--NOMBRE DE PERSONA |
| Nombre de persona |
Sandoval, Prudencio de, |
| Fechas asociadas al nombre |
1551?-1620 |
| 9 (RLIN) |
103107 |
| 245 10 - MENCIÓN DEL TÍTULO |
| Título |
Historia de los Reyes de Castilla y de León ... |
| Resto del título |
: sacada de los privilegios, libros antiguos, memorias, diarios, piedras y otras antiguallas ... / |
| Mención de responsabilidad, etc. |
D. Fr. Prudencio de Sandoval, Obispo de Pamplona ... ; [tomo I -II]. |
| 260 ## - PUBLICACIÓN, DISTRIBUCIÓN, ETC. |
| Lugar de publicación, distribución, etc. |
Madrid : |
| Nombre del editor, distribuidor, etc. |
en la oficina de D. Benito Cano, |
| Fecha de publicación, distribución, etc. |
1792. |
| 300 ## - DESCRIPCIÓN FÍSICA |
| Extensión |
2 v. (44, 364 p. ; 20, 350 p.) ; |
| Dimensiones |
4º. |
| 505 8# - NOTA DE CONTENIDO CON FORMATO |
| Nota de contenido con formato |
V. I: Don Fernando el Magno, primero de este nombre, infante de Navarra ; Don Sancho, que murió sobre Zamora ; Don Alonso, Sexto de este nombre -- V. II: Doña Urraca, hija de Don Alonso Sexto ; y Don Alonso Séptimo, emperador de las Españas |
| 530 ## - NOTA DISPONIBLE DE FORMULARIO FÍSICO ADICIONAL |
| Nota de formato físico adicional disponible |
Disponible en formato digital. |
| 597 ## - NOTA DE DESCRIPCIÓN FÍSICA |
| NOTA DE DESCRIPCIÓN FÍSICA |
Sign.: a-e4, f², A-Z4, Aa-Yy4, Zz² ; A-B4, C², A-Z4, Aa-Xx4. |
| 597 ## - NOTA DE DESCRIPCIÓN FÍSICA |
| NOTA DE DESCRIPCIÓN FÍSICA |
Port con orla calc.: "J.Xº in. y g." |
| 599 ## - NOTA A LAS ILUSTRACIONES |
| NOTA A LAS ILUSTRACIONES |
Grabado calcográfico en la cabecera de p. 1 de cada tomo. |
| 651 #4 - PUNTO DE ACCESO ADICIONAL DE MATERIA--NOMBRE GEOGRÁFICO |
| Nombre geográfico |
Castilla (Reino)- |
| Subdivisión general |
Reyes y soberanos. |
| 9 (RLIN) |
163030 |
| 651 #4 - PUNTO DE ACCESO ADICIONAL DE MATERIA--NOMBRE GEOGRÁFICO |
| Nombre geográfico |
León (Reino)- |
| Subdivisión general |
Reyes y soberanos. |
| 9 (RLIN) |
163031 |
| 700 1# - ENTRADA AGREGADA--NOMBRE PERSONAL |
| Nombre de persona |
Ximeno, Juan. |
| 9 (RLIN) |
133979 |
| 852 ## - LOCALIZACIÓN |
| Ubicación |
ES-MaACL |
| Número de control de estantería |
R-3364 |
| Nota libre |
Cotejado con la relación de obras recuperadas expediente robo. |
| -- |
Cambio de signatura: datos tomados del fichero topográfico R. |
| itemnumber |
170984 |
| Signatura antigua |
Olim: B-217 |
| Designación de la unidad física |
vol.1 |
| Encuadernación |
Encuadernación pasta española |
| 852 ## - LOCALIZACIÓN |
| Ubicación |
ES-MaACL |
| Número de control de estantería |
R-3365 |
| Nota libre |
Cotejado con la relación de obras recuperadas expediente robo |
| -- |
Cambio de signatura: datos tomados del fichero topográfico R. |
| itemnumber |
170984 |
| Signatura antigua |
Olim: B-218 |
| Designación de la unidad física |
vol.2 |
| Encuadernación |
Encuadernación pasta española |
| 856 ## - LOCALIZACIÓN Y ACCESO ELECTRÓNICOS |
| Identificador Uniforme de Recursos |
<a href="http://bdh-rd.bne.es/viewer.vm?id=0000146253&page=1 ">http://bdh-rd.bne.es/viewer.vm?id=0000146253&page=1 </a> |
| Nota pública |
Biblioteca Digital Hispánica |
| 942 ## - ELEMENTOS DE ENTRADA SECUNDARIOS (KOHA) |
| Fuente del sistema de clasificación o colocación |
Clasificación decimal universal |